Interpretations of meanings of the the noble quran in the english language (Record no. 1463)
| 000 -LEADER | |
|---|---|
| fixed length control field | 00447nam a22001577a 4500 |
| 003 - CONTROL NUMBER IDENTIFIER | |
| control field | OSt |
| 005 - DATE AND TIME OF LATEST TRANSACTION | |
| control field | 20150114125307.0 |
| 008 - FIXED-LENGTH DATA ELEMENTS--GENERAL INFORMATION | |
| fixed length control field | 150114b xxu||||| |||| 00| 0 eng d |
| 050 ## - LIBRARY OF CONGRESS CALL NUMBER | |
| Classification number | BP109.K436 1996 |
| 100 ## - MAIN ENTRY--PERSONAL NAME | |
| Personal name | Khan, Muhammad |
| 245 ## - TITLE STATEMENT | |
| Title | Interpretations of meanings of the the noble quran in the english language |
| Statement of responsibility, etc | Muhammad Muhsin Khan |
| 260 ## - PUBLICATION, DISTRIBUTION, ETC. (IMPRINT) | |
| Place of publication, distribution, etc | Riyadh |
| Name of publisher, distributor, etc | Darussalam Publishers |
| Date of publication, distribution, etc | 1996 |
| 300 8# - PHYSICAL DESCRIPTION | |
| Extent | 851p. |
| 650 ## - SUBJECT ADDED ENTRY--TOPICAL TERM | |
| Topical term or geographic name as entry element | Quran |
| 942 ## - ADDED ENTRY ELEMENTS (KOHA) | |
| Source of classification or shelving scheme | |
| Koha item type | Book |
| Withdrawn status | Lost status | Source of classification or shelving scheme | Damaged status | Not for loan | Home library | Current library | Date acquired | Total Checkouts | Full call number | Barcode | Date last seen | Date checked out | Copy number | Price effective from | Koha item type |
|---|---|---|---|---|---|---|---|---|---|---|---|---|---|---|---|
| Riara University Library | Riara University Library | 14/01/2015 | 3 | BP109.K436 1996 | 5223/15 | 21/10/2016 | 06/10/2016 | C.1 | 14/01/2015 | Book | |||||
| Riara University Library | Riara University Library | 14/01/2015 | BP109.K436 1996 | 5224/15 | 14/01/2015 | C.2 | 14/01/2015 | Book | |||||||
| Riara University Library | Riara University Library | 14/01/2015 | 2 | BP109.K436 1996 | 5225/15 | 05/05/2016 | 21/04/2016 | C.3 | 14/01/2015 | Book | |||||
| Riara University Library | Riara University Library | 14/01/2015 | BP109.K436 1996 | 5226/15 | 14/01/2015 | C.4 | 14/01/2015 | Book | |||||||
| Riara University Library | Riara University Library | 14/01/2015 | 1 | BP109.K436 1996 | 5231/15 | 26/10/2018 | 11/10/2018 | C.5 | 14/01/2015 | Book |
